Norms without the great powers (Record no. 9336)
[ view plain ]
| 000 -LEADER | |
|---|---|
| fixed length control field | 00681nam a2200193Ia 4500 |
| 020 ## - INTERNATIONAL STANDARD BOOK NUMBER | |
| ISBN | 9780198789871 |
| 082 ## - DEWEY DECIMAL CLASSIFICATION NUMBER | |
| Classification number | 341.37 |
| Item number | BOW-N |
| 100 ## - MAIN ENTRY--AUTHOR NAME | |
| Personal name | Bower, Adam |
| 245 #0 - TITLE STATEMENT | |
| Title | Norms without the great powers |
| Sub Title | : international law and changing social standards in world politics |
| 260 ## - PUBLICATION, DISTRIBUTION, ETC. (IMPRINT) | |
| Place of publication | Oxford |
| Name of publisher | Oxford University Press |
| Year of publication | 2017 |
| 300 ## - PHYSICAL DESCRIPTION | |
| Number of Pages | xxii, 288p |
| 504 ## - BIBLIOGRAPHY, ETC. NOTE | |
| Bibliography, etc | includes conclusion , appendices, bibliography and index |
| 650 ## - SUBJECT ADDED ENTRY--TOPICAL TERM | |
| Topical Term | International law |
| Form subdivision | Politics |
| 650 ## - SUBJECT ADDED ENTRY--TOPICAL TERM | |
| Topical Term | International relation |
| Form subdivision | Global governance |
| 650 ## - SUBJECT ADDED ENTRY--TOPICAL TERM | |
| Topical Term | International criminal court |
| Geographic subdivision | Rome |
| 650 ## - SUBJECT ADDED ENTRY--TOPICAL TERM | |
| Topical Term | Multilateralism |
| Geographic subdivision | United States |
| 650 ## - SUBJECT ADDED ENTRY--TOPICAL TERM | |
| Topical Term | World politics |
| Form subdivision | great powers |
| 942 ## - ADDED ENTRY ELEMENTS (KOHA) | |
| Koha item type | Books |
| Source of classification or shelving scheme | Dewey Decimal Classification |
| Withdrawn status | Lost status | Damaged status | Not for loan | Home library | Current library | Date acquired | Source of acquisition | Bill Date | Full call number | Accession Number | Price effective from | Koha item type |
|---|---|---|---|---|---|---|---|---|---|---|---|---|
| NASSDOC Library | NASSDOC Library | 26/03/2018 | OP | 2018-02-28 | 341 BOW-N | 49868 | 18/04/2019 | Books |
